[Event "Baltic Sea Cup"]
[Site "Ronne"]
[Date "2007.08.03"]
[Round "7.20"]
[White "Baekgaard, Martin"]
[Black "Carlstedt, Jonathan"]
[Result "1/2-1/2"]
[WhiteElo "2272"]
[BlackElo "2083"]
[PlyCount "116"]
[EventDate "2007.??.??"]
[EventType "swiss"]
[EventRounds "9"]
[EventCountry "DEN"]
[SourceDate "2005.12.01"]
[WhiteTeam "Denmark"]
[BlackTeam "Denmark"]
[WhiteTeamCountry "DEN"]
[BlackTeamCountry "DEN"]

1. d4 Nf6 2. c4 c5 3. d5 e6 4. Nc3 exd5 5. cxd5 d6 6. Nf3 g6 7. g3 Bg7 8. Bg2
O-O 9. O-O a6 10. a4 Re8 11. Bf4 Ne4 12. Nxe4 Rxe4 13. Nd2 Rb4 14. b3 g5 15.
Be3 Bf5 16. Ra2 Nd7 17. Nc4 Ne5 18. Nxe5 Bxe5 19. Bd2 Rd4 20. Qc1 c4 21. b4 c3
22. Qxc3 Rc8 23. Qe3 Rdc4 24. b5 a5 25. b6 Bd4 26. Qxg5+ Qxg5 27. Bxg5 Bxb6 28.
Be3 Bc5 29. Bxc5 R8xc5 30. f4 Bc2 31. Rfa1 Rb4 32. e4 Kf8 33. e5 Ke7 34. Rc1
Rb1 35. Ra1 Rxa1 36. Rxa1 Rc4 37. Rc1 Bb3 38. Rb1 Rb4 39. Kf2 b5 40. Rc1 bxa4
41. Rc7+ Kd8 42. exd6 Rb6 43. Rc6 Rxc6 44. dxc6 Be6 45. Bf1 a3 46. Bb5 Bd5 47.
c7+ Kc8 48. Ba6+ Bb7 49. Bc4 Kd7 50. Bxf7 Kxd6 51. Ke3 Kxc7 52. Kd4 Bc6 53. Kc5
Ba4 54. Ba2 Bd7 55. Kd5 Kd8 56. Kd4 Ke7 57. Kc3 Kd6 58. Kd4 Bf5 1/2-1/2

[Event "Baltic Sea Cup"]
[Site "Ronne"]
[Date "2007.08.03"]
[Round "7.21"]
[White "Lillelokken, Kjell Arne"]
[Black "Hartvig, Ove Weiss"]
[Result "0-1"]
[WhiteElo "1898"]
[BlackElo "2232"]
[PlyCount "64"]
[EventDate "2007.??.??"]
[EventType "swiss"]
[EventRounds "9"]
[EventCountry "DEN"]
[SourceDate "2005.12.01"]
[WhiteTeam "Denmark"]
[BlackTeam "Denmark"]
[WhiteTeamCountry "DEN"]
[BlackTeamCountry "DEN"]

1. f4 g6 2. Nf3 Bg7 3. g3 d6 4. Bg2 e5 5. d3 Nc6 6. e4 exf4 7. gxf4 f5 8. O-O {
=} Nge7 9. c3 {=} Be6 10. Ng5 Bg8 11. exf5 Nxf5 12. Re1+ Kd7 13. d4 h6 14. d5
hxg5 15. dxc6+ bxc6 16. Qa4 d5 17. c4 Qf8 18. cxd5 Qc5+ 19. Kf1 Bxd5 20. Bxd5
Qxd5 21. Qe4 Qxe4 22. Rxe4 Rxh2 23. Ke1 gxf4 24. Nd2 Rh1+ 25. Kf2 Bd4+ 26. Kf3
Rh3+ 27. Kg2 Rg3+ 28. Kf1 Rg1+ 29. Ke2 Ng3+ 30. Kf3 Rf1+ 31. Kg2 Rf2+ 32. Kg1
Ne2+ 0-1

[Event "Baltic Sea Cup"]
[Site "Ronne"]
[Date "2007.08.03"]
[Round "7.22"]
[White "Svendsen, Mads Bilde"]
[Black "Rasmussen, Morten"]
[Result "1-0"]
[WhiteElo "2178"]
[BlackElo "1979"]
[PlyCount "55"]
[EventDate "2007.??.??"]
[EventType "swiss"]
[EventRounds "9"]
[EventCountry "DEN"]
[SourceDate "2005.12.01"]
[WhiteTeam "Denmark"]
[BlackTeam "Denmark"]
[WhiteTeamCountry "DEN"]
[BlackTeamCountry "DEN"]

1. d4 d5 2. c4 c6 3. Nf3 e6 4. Nc3 Nf6 5. Bg5 Be7 6. e3 Nbd7 7. Qc2 a6 8. a4
Qa5 9. cxd5 Nxd5 10. Bxe7 Kxe7 11. Be2 g6 12. O-O Re8 13. e4 Nf4 14. e5 f5 15.
Bc4 Nb6 16. Ba2 Nbd5 17. Qd2 Kf8 18. Bxd5 Nxd5 19. Qh6+ Kg8 20. Ra3 Qb4 21. Ng5
Qe7 22. Nxd5 cxd5 23. Rh3 Qg7 24. Qxg7+ Kxg7 25. Rxh7+ Kg8 26. Rc1 Rd8 27. Rcc7
Bd7 28. Rhxd7 1-0

[Event "Baltic Sea Cup"]
[Site "Ronne"]
[Date "2007.08.03"]
[Round "7.23"]
[White "Hoffmann, Steffen"]
[Black "Hoi, Carsten"]
[Result "0-1"]
[WhiteElo "2076"]
[BlackElo "2422"]
[PlyCount "94"]
[EventDate "2007.??.??"]
[EventType "swiss"]
[EventRounds "9"]
[EventCountry "DEN"]
[SourceDate "2005.12.01"]
[WhiteTeam "Denmark"]
[BlackTeam "Denmark"]
[WhiteTeamCountry "DEN"]
[BlackTeamCountry "DEN"]

1. Nf3 Nf6 2. g3 g6 3. b4 Bg7 4. Bb2 O-O 5. Bg2 d6 6. O-O e5 7. c4 Nbd7 8. Na3
a5 9. b5 Qe7 10. d4 e4 11. Ne1 h5 12. Nac2 Nb6 13. Ne3 Ng4 14. N1c2 h4 15. Nxg4
Bxg4 16. Ne3 Bd7 17. Qc2 f5 18. c5 dxc5 19. dxc5 Bxb2 20. Qxb2 Qxc5 21. a4 Rac8
22. Rfd1 Qe7 23. Rd4 hxg3 24. hxg3 Be6 25. Rc1 Qf6 26. Qd2 Rf7 27. Rd1 Bb3 28.
Ra1 Rd7 29. Rxd7 Qxa1+ 30. Bf1 Nxd7 31. Qxd7 Rf8 32. Qxc7 Qxa4 33. Qxb7 Bf7 34.
b6 Qb3 35. g4 Be6 36. g5 f4 37. Qxe4 Kh8 38. Qh1+ Kg8 39. Qe4 Kg7 40. Qd4+ Kh7
41. Ng2 Qd5 42. Qb2 Rf7 43. e3 f3 44. Nf4 Qxg5+ 45. Kh2 Kg8 46. b7 Rh7+ 47. Nh3
Bxh3 0-1

[Event "Baltic Sea Cup"]
[Site "Ronne"]
[Date "2007.08.03"]
[Round "7.24"]
[White "Andersen, Rune"]
[Black "Titu Maiorescu, Dorin"]
[Result "0-1"]
[WhiteElo "2076"]
[BlackElo "2273"]
[PlyCount "86"]
[EventDate "2007.??.??"]
[EventType "swiss"]
[EventRounds "9"]
[EventCountry "DEN"]
[SourceDate "2005.12.01"]
[WhiteTeam "Denmark"]
[BlackTeam "Denmark"]
[WhiteTeamCountry "DEN"]
[BlackTeamCountry "DEN"]

1. d4 b6 2. e4 Bb7 3. Nd2 e6 4. Ngf3 g6 5. Bd3 Bg7 6. O-O d6 7. Re1 Ne7 8. Nf1
h6 9. Ng3 Nd7 10. c3 a6 11. Be3 c5 12. Rc1 Qc7 13. Qe2 b5 14. b3 Rc8 15. Bb1 c4
16. b4 e5 17. Rcd1 Nf6 18. dxe5 dxe5 19. Bc5 Nd7 20. Bd6 Qb6 21. Nf1 Rd8 22.
Rd2 Nc8 23. Red1 Nxd6 24. Rxd6 Qc7 25. Ne3 Bf8 26. R6d2 Be7 27. Nd5 Bxd5 28.
exd5 Qd6 29. Qe3 Kf8 30. Re2 Bf6 31. Be4 Kg7 32. g3 Kh7 33. h4 h5 34. Ne1 Bg7
35. g4 hxg4 36. h5 f5 37. hxg6+ Qxg6 38. Bg2 e4 39. Nc2 Ne5 40. Qg3 Nf3+ 41.
Bxf3 gxf3 42. Qxg6+ Kxg6 43. Re3 Rh3 0-1

[Event "Baltic Sea Cup"]
[Site "Ronne"]
[Date "2007.08.03"]
[Round "7.25"]
[White "Grand, Hans Henrik"]
[Black "Ostergaard, Jens"]
[Result "0-1"]
[WhiteElo "2076"]
[BlackElo "2256"]
[PlyCount "62"]
[EventDate "2007.??.??"]
[EventType "swiss"]
[EventRounds "9"]
[EventCountry "DEN"]
[SourceDate "2005.12.01"]
[WhiteTeam "Denmark"]
[BlackTeam "Denmark"]
[WhiteTeamCountry "DEN"]
[BlackTeamCountry "DEN"]

1. c4 c5 2. g3 Nf6 3. Bg2 Nc6 4. Nc3 g6 5. Nf3 Bg7 6. d3 O-O 7. O-O a6 8. Rb1
Rb8 9. a4 d6 10. Bd2 e5 11. h3 Nb4 12. Ne1 Nh5 13. e4 Qe8 14. Ne2 f5 15. exf5
gxf5 16. Bxb4 cxb4 17. Qd2 a5 18. Kh2 Qxa4 19. b3 Qe8 20. f4 Kh8 21. fxe5 dxe5
22. d4 exd4 23. Nxd4 Qg6 24. Ne2 f4 25. Nxf4 Qxg3+ 26. Kh1 Nxf4 27. Rf3 Qh4 28.
Nd3 Nxg2 29. Rxf8+ Bxf8 30. Qe2 Qxh3+ 31. Kg1 Qe3+ 0-1

[Event "Baltic Sea Cup"]
[Site "Ronne"]
[Date "2007.08.03"]
[Round "7.26"]
[White "Maas, Thomas"]
[Black "Willumsen, Niels Henrik"]
[Result "0-1"]
[WhiteElo "2071"]
[BlackElo "2215"]
[PlyCount "50"]
[EventDate "2007.??.??"]
[EventType "swiss"]
[EventRounds "9"]
[EventCountry "DEN"]
[SourceDate "2005.12.01"]
[WhiteTeam "Denmark"]
[BlackTeam "Denmark"]
[WhiteTeamCountry "DEN"]
[BlackTeamCountry "DEN"]

1. e4 e6 2. d4 d5 3. Nd2 Nf6 4. e5 Nfd7 5. f4 c5 6. c3 Nc6 7. Ndf3 Qb6 8. a3
cxd4 9. cxd4 Be7 10. b4 f5 11. Ne2 O-O 12. Ng5 Bxg5 13. fxg5 a6 14. Qd3 Qa7 15.
Be3 Nb6 16. Rd1 Nc4 17. Bc1 f4 18. Nxf4 Nb2 19. Bxb2 Rxf4 20. Rd2 Bd7 21. g3
Rf7 22. g6 hxg6 23. Bh3 Raf8 24. Rf1 Rxf1+ 25. Bxf1 Nxe5 0-1

[Event "Baltic Sea Cup"]
[Site "Ronne"]
[Date "2007.08.03"]
[Round "7.27"]
[White "Schiendorfer, Florian"]
[Black "Moller, Morten Kock"]
[Result "0-1"]
[WhiteElo "2059"]
[BlackElo "2178"]
[PlyCount "150"]
[EventDate "2007.??.??"]
[EventType "swiss"]
[EventRounds "9"]
[EventCountry "DEN"]
[SourceDate "2005.12.01"]
[WhiteTeam "Denmark"]
[BlackTeam "Denmark"]
[WhiteTeamCountry "DEN"]
[BlackTeamCountry "DEN"]

1. d4 Nf6 2. Bf4 d6 3. Nf3 g6 4. e3 Bg7 5. Be2 O-O 6. h3 Nc6 7. O-O Qe8 8. c4
e5 9. Bh2 Ne4 10. d5 Ne7 11. Nbd2 Nxd2 12. Qxd2 b6 13. Rac1 a5 14. b3 h6 15. a3
f5 16. b4 g5 17. c5 f4 18. cxd6 cxd6 19. exf4 gxf4 20. Bd3 Qh5 21. Be4 Bf6 22.
Kh1 Kh8 23. Rc7 Rg8 24. Rg1 Bf5 25. Qd3 Qg6 26. Bxf5 Nxf5 27. Qb1 axb4 28. Qxb4
Ra5 29. Qxb6 Rxd5 30. Qb7 Rd1 31. Rh7+ Qxh7 32. Qxh7+ Kxh7 33. Rxd1 Ra8 34. Rd3
Ra5 35. Nd2 d5 36. Nb1 Rb5 37. Rd1 d4 38. Nd2 Nd6 39. g3 fxg3 40. Bxg3 Kg6 41.
a4 Rb2 42. Kg1 Ra2 43. Nf3 Nc4 44. Kf1 Rxa4 45. Ne1 e4 46. Bf4 Ra2 47. Ng2 h5
48. Rc1 Nb2 49. Ne1 Kf5 50. Bh6 Ra3 51. Kg2 Na4 52. Rd1 Nc3 53. Rd2 Ra8 54. Rb2
Rg8+ 55. Kf1 d3 56. Bd2 Ne2 57. Ng2 Ra8 58. Ne3+ Ke6 59. Rb6+ Kd7 60. Rb1 Rg8
61. Ng2 Bd4 62. Be1 Rf8 63. Rd1 Rf3 64. Rd2 Ng3+ 65. Kg1 e3 66. Nxe3 Rxe3 67.
fxe3 Bxe3+ 68. Kg2 Bxd2 69. Bxd2 Ne4 70. Be3 d2 71. Bxd2 Nxd2 72. Kg3 Ne4+ 73.
Kf4 Nf6 74. Kf5 Ke7 75. Ke5 Ne8 0-1

[Event "Baltic Sea Cup"]
[Site "Ronne"]
[Date "2007.08.03"]
[Round "7.28"]
[White "Petersen, Steen Brustrup"]
[Black "Frisk, Hans"]
[Result "1/2-1/2"]
[WhiteElo "2165"]
[BlackElo "2028"]
[PlyCount "80"]
[EventDate "2007.??.??"]
[EventType "swiss"]
[EventRounds "9"]
[EventCountry "DEN"]
[SourceDate "2005.12.01"]
[WhiteTeam "Denmark"]
[BlackTeam "Denmark"]
[WhiteTeamCountry "DEN"]
[BlackTeamCountry "DEN"]

1. e4 e5 2. Nf3 Nc6 3. d4 exd4 4. Bc4 Nf6 5. e5 d5 6. Bb5 Ne4 7. Nxd4 Bd7 8.
Bxc6 bxc6 9. Be3 c5 10. Nb3 Bc6 11. f3 d4 12. Bf4 g5 13. Bc1 Qd5 14. Na5 Bd7
15. fxe4 Qxe4+ 16. Qe2 Qxe2+ 17. Kxe2 Bb5+ 18. Kf3 g4+ 19. Kxg4 Rg8+ 20. Kf3
O-O-O 21. Na3 Bd7 22. Re1 Be6 23. g3 d3 24. cxd3 Rxd3+ 25. Ke2 Rd4 26. Kf2 Ra4
27. Bd2 c4 28. Nc6 c3 29. Bxc3 Bc5+ 30. Nd4 Rxd4 31. Bxd4 Bxd4+ 32. Ke2 Bxb2
33. Nc2 Bg4+ 34. Kf2 Bxa1 35. Rxa1 Rd8 36. Ke3 h5 37. Nd4 Re8 38. Kf4 a6 39.
Rc1 Kb7 40. Rb1+ Kc8 1/2-1/2

[Event "Baltic Sea Cup"]
[Site "Ronne"]
[Date "2007.08.03"]
[Round "7.29"]
[White "Johansen, Johnny Holler"]
[Black "Pedersen, Martin Rosenkilde"]
[Result "1/2-1/2"]
[WhiteElo "2058"]
[BlackElo "2163"]
[PlyCount "156"]
[EventDate "2007.??.??"]
[EventType "swiss"]
[EventRounds "9"]
[EventCountry "DEN"]
[SourceDate "2005.12.01"]
[WhiteTeam "Denmark"]
[BlackTeam "Denmark"]
[WhiteTeamCountry "DEN"]
[BlackTeamCountry "DEN"]

1. e4 c5 2. Nf3 e6 3. d4 cxd4 4. Nxd4 Nc6 5. Nc3 Qc7 6. Be3 a6 7. Be2 Nf6 8.
O-O Bb4 9. f3 O-O 10. Nb3 Bxc3 11. bxc3 d5 12. Bd3 dxe4 13. fxe4 e5 14. Qe1 Ne8
15. Rd1 b6 16. Nd2 Nd6 17. Qf2 Rb8 18. Rb1 b5 19. Qg3 f6 20. c4 Be6 21. Bc5 b4
22. Rf3 a5 23. Nf1 Ne7 24. Bxd6 Qxd6 25. Ne3 Qd4 26. Kh1 Nc8 27. Nd5 Bxd5 28.
cxd5 Nd6 29. Rbf1 Nxe4 30. Qh4 Ng5 31. Qxd4 exd4 32. Rf4 Nf7 33. Rxd4 Nd6 34.
Rh4 g6 35. Rhf4 Kg7 36. Kg1 Rbe8 37. Kf2 Re5 38. Rd4 Rc8 39. a3 Nf5 40. Bxf5
Rxf5+ 41. Kg1 Rxf1+ 42. Kxf1 bxa3 43. Ra4 Rxc2 44. Rxa3 Rc5 45. Rd3 Kf7 46. d6
Ke8 47. d7+ Kd8 48. Rd6 f5 49. Kf2 Rc7 50. Ra6 Kxd7 51. Rxa5 Ke6 52. h4 Kf6 53.
Kf3 Rc3+ 54. Kf2 f4 55. Rb5 h6 56. Ra5 Rg3 57. Rb5 h5 58. Rb1 Kf5 59. Ra1 Kg4
60. Rh1 Ra3 61. Rh2 Ra2+ 62. Kf1 Rb2 63. Rh3 Rd2 64. Rh2 Rd3 65. Kf2 Ra3 66.
Ke2 Kf5 67. Kf2 Rc3 68. Ke2 Kg4 69. Kf2 Rc2+ 70. Kf1 Rc3 71. Kf2 g5 72. hxg5
Kxg5 73. Rh1 Kg4 74. Ra1 Rc2+ 75. Kf1 f3 76. gxf3+ Kg3 77. Kg1 h4 78. f4 Kxf4
1/2-1/2

[Event "Baltic Sea Cup"]
[Site "Ronne"]
[Date "2007.08.03"]
[Round "7.30"]
[White "Schmitz, Manuela"]
[Black "Holm, Ragnar"]
[Result "1/2-1/2"]
[WhiteElo "2031"]
[BlackElo "2153"]
[PlyCount "42"]
[EventDate "2007.??.??"]
[EventType "swiss"]
[EventRounds "9"]
[EventCountry "DEN"]
[SourceDate "2005.12.01"]
[WhiteTeam "Denmark"]
[BlackTeam "Denmark"]
[WhiteTeamCountry "DEN"]
[BlackTeamCountry "DEN"]

1. d4 d5 2. c4 e6 3. Nc3 c5 4. cxd5 cxd4 5. Qxd4 Nc6 6. Qd1 exd5 7. Nf3 Nf6 8.
e3 Be7 9. Be2 O-O 10. O-O Bg4 11. b3 Rc8 12. Bb2 a6 13. Rc1 Re8 14. Nd4 Bxe2
15. Ncxe2 Ne4 16. Nf5 Bf6 17. Ned4 Nxd4 18. Nxd4 Rxc1 19. Qxc1 Qd7 20. Qc2 Rc8
21. Qd3 Be5 1/2-1/2

[Event "Baltic Sea Cup"]
[Site "Ronne"]
[Date "2007.08.03"]
[Round "7.31"]
[White "Glibstrup, Jakob"]
[Black "Christensen, Janus"]
[Result "1/2-1/2"]
[WhiteElo "1939"]
[BlackElo "2137"]
[PlyCount "117"]
[EventDate "2007.??.??"]
[EventType "swiss"]
[EventRounds "9"]
[EventCountry "DEN"]
[SourceDate "2005.12.01"]
[WhiteTeam "Denmark"]
[BlackTeam "Denmark"]
[WhiteTeamCountry "DEN"]
[BlackTeamCountry "DEN"]

1. e4 c5 2. Nf3 d6 3. d4 cxd4 4. Nxd4 Nf6 5. Nc3 a6 6. f3 e6 7. Be3 Qc7 8. Qd2
Be7 9. O-O-O b5 10. g4 h6 11. h4 Nbd7 12. Qf2 b4 13. Nce2 d5 14. Ng3 dxe4 15.
Nxe4 Bb7 16. Nxf6+ Nxf6 17. Bd3 Bd6 18. Bb5+ Ke7 19. Nf5+ exf5 20. Bb6 Bg3 21.
Bc5+ Ke6 22. Bc4+ Nd5 23. Bxd5+ Bxd5 24. Rhe1+ Be4 25. gxf5+ Kf6 26. Bd4+ Be5
27. Rxe4 Bxd4 28. Qxd4+ Kxf5 29. Qxg7 Rad8 30. Qg4+ Kf6 31. Rf4+ Ke7 32. Re1+
Kf8 33. Rg1 Qe5 34. Re4 Qf6 35. Rxb4 Re8 36. Rf4 Qe5 37. Re4 Qf6 38. Qg7+ Qxg7
39. Rxe8+ Kxe8 40. Rxg7 Ke7 41. Rg4 Rd8 42. a4 Rd5 43. b4 Rf5 44. Re4+ Kd6 45.
f4 Rh5 46. Kd2 Rxh4 47. Kd3 Rh1 48. Kc4 h5 49. b5 axb5+ 50. axb5 h4 51. f5 h3
52. Rh4 h2 53. b6 Kc6 54. Rh6+ Kb7 55. c3 Rf1 56. Rxh2 Rf4+ 57. Kd3 Rxf5 58.
Rh6 f6 59. Ke4 1/2-1/2

[Event "Baltic Sea Cup"]
[Site "Ronne"]
[Date "2007.08.03"]
[Round "7.32"]
[White "Radil, Casper"]
[Black "Grandadam, Nicolas"]
[Result "1-0"]
[WhiteElo "2107"]
[BlackElo "2022"]
[PlyCount "33"]
[EventDate "2007.??.??"]
[EventType "swiss"]
[EventRounds "9"]
[EventCountry "DEN"]
[SourceDate "2005.12.01"]
[WhiteTeam "Denmark"]
[BlackTeam "Denmark"]
[WhiteTeamCountry "DEN"]
[BlackTeamCountry "DEN"]

1. e4 c5 2. c3 d5 3. exd5 Qxd5 4. d4 Nf6 5. Nf3 e6 6. Na3 Qd8 7. Bf4 cxd4 8.
Nxd4 Bxa3 9. Qa4+ Nbd7 10. bxa3 Ne4 11. f3 Nec5 12. Bd6 Qb6 13. Nb5 Na6 14.
O-O-O f6 15. Bc4 Kf7 16. Rhe1 Re8 17. Bg3 1-0

[Event "Baltic Sea Cup"]
[Site "Ronne"]
[Date "2007.08.03"]
[Round "7.33"]
[White "Schmitz, Andreas Arnold"]
[Black "Boje, Tobias Rosholm"]
[Result "1/2-1/2"]
[WhiteElo "2081"]
[BlackElo "1931"]
[PlyCount "113"]
[EventDate "2007.??.??"]
[EventType "swiss"]
[EventRounds "9"]
[EventCountry "DEN"]
[SourceDate "2005.12.01"]
[WhiteTeam "Denmark"]
[BlackTeam "Denmark"]
[WhiteTeamCountry "DEN"]
[BlackTeamCountry "DEN"]

1. e4 e5 2. Nf3 Nc6 3. Bc4 Nf6 4. Ng5 d5 5. exd5 Na5 6. Bb5+ c6 7. dxc6 bxc6 8.
Be2 h6 9. Nf3 e4 10. Ne5 Bc5 11. c3 Bd6 12. d4 exd3 13. Nxd3 O-O 14. O-O Qc7
15. f4 Bf5 16. b4 Nc4 17. Nc5 Bxc5+ 18. bxc5 Rad8 19. Qa4 Na5 20. Nd2 Nd5 21.
Nc4 Nxc3 22. Qxa5 Nxe2+ 23. Kh1 Qxa5 24. Nxa5 Be4 25. Re1 Nxc1 26. Raxc1 Rfe8
27. Re2 Bd5 28. Ree1 Rb8 29. Nb3 Rxe1+ 30. Rxe1 Bxb3 31. axb3 Rxb3 32. Re8+ Kh7
33. h3 Rb5 34. Re7 a5 35. Rxf7 Rxc5 36. f5 Kg8 37. Rc7 a4 38. Ra7 Rc4 39. g4
Rb4 40. Kg2 Rb2+ 41. Kg3 Rb3+ 42. Kf4 a3 43. h4 Rb4+ 44. Kf3 h5 45. gxh5 Rxh4
46. Kg3 Rxh5 47. Kg4 Rh6 48. Rxa3 Rd6 49. Kg5 Rd8 50. f6 gxf6+ 51. Kxf6 c5 52.
Rc3 Rc8 53. Ke6 c4 54. Kd5 Rd8+ 55. Kxc4 Rc8+ 56. Kd3 Rxc3+ 57. Kxc3 1/2-1/2

[Event "Baltic Sea Cup"]
[Site "Ronne"]
[Date "2007.08.03"]
[Round "7.34"]
[White "Borup, Mads"]
[Black "Andersen, Lars Ren"]
[Result "1/2-1/2"]
[WhiteElo "1996"]
[BlackElo "2081"]
[PlyCount "93"]
[EventDate "2007.??.??"]
[EventType "swiss"]
[EventRounds "9"]
[EventCountry "DEN"]
[SourceDate "2005.12.01"]
[WhiteTeam "Denmark"]
[BlackTeam "Denmark"]
[WhiteTeamCountry "DEN"]
[BlackTeamCountry "DEN"]

1. d4 Nf6 2. Nf3 g6 3. c4 Bg7 4. Nc3 O-O 5. Bg5 c5 6. e3 Qa5 7. Qd2 cxd4 8.
exd4 Re8 9. Be2 Na6 10. a3 d6 11. O-O Bf5 12. b4 Qd8 13. Rad1 Nc7 14. Rfe1 Ne6
15. Bh6 Nf8 16. h3 Bh8 17. Bd3 Bxd3 18. Qxd3 b6 19. Ne4 N8d7 20. Nfg5 Rc8 21.
Qe2 d5 22. Nxf7 Qc7 23. cxd5 Qc2 24. Nd2 Bg7 25. Bxg7 Kxg7 26. Ng5 Qf5 27. Ne6+
Kg8 28. Qe3 Nxd5 29. Qh6 Qf7 30. Nf3 Rc2 31. Kh1 Qf6 32. Nfg5 Qh8 33. f3 Nf8
34. Nxf8 Rxf8 35. Ne6 Rfc8 36. Re5 Nc3 37. Rde1 Re8 38. Rg5 Qf6 39. Ree5 Re2
40. Rxe2 Nxe2 41. Re5 Nxd4 42. Ng5 Qg7 43. Qh4 Nf5 44. Qc4+ Kh8 45. Nf7+ Kg8
46. Ng5+ Kh8 47. Nf7+ 1/2-1/2

[Event "Baltic Sea Cup"]
[Site "Ronne"]
[Date "2007.08.03"]
[Round "7.35"]
[White "Skjoldager, Nicklas"]
[Black "Skogli, Pal"]
[Result "1-0"]
[WhiteElo "2077"]
[BlackElo "1634"]
[PlyCount "79"]
[EventDate "2007.??.??"]
[EventType "swiss"]
[EventRounds "9"]
[EventCountry "DEN"]
[SourceDate "2005.12.01"]
[WhiteTeam "Denmark"]
[BlackTeam "Denmark"]
[WhiteTeamCountry "DEN"]
[BlackTeamCountry "DEN"]

1. f4 Nf6 2. Nf3 d6 3. e3 g6 4. Be2 Bg7 5. O-O c5 6. d3 Nc6 7. e4 e5 8. Nc3 O-O
9. Qe1 Bg4 10. Qh4 Bxf3 11. Rxf3 Nh5 12. Rh3 Qxh4 13. Rxh4 Nxf4 14. Bxf4 exf4
15. Rxf4 Nd4 16. Bd1 Rac8 17. Nd5 f5 18. c3 Ne6 19. Rf1 fxe4 20. Bb3 Kh8 21.
dxe4 Rxf1+ 22. Rxf1 Ng5 23. h4 Nxe4 24. Rf7 Rf8 25. Rxb7 Ng3 26. Bc4 Be5 27.
Rxa7 Ne4 28. a4 Bg3 29. a5 Rf2 30. Re7 Nd2 31. Be2 Rf8 32. a6 Bf2+ 33. Kh2 c4
34. a7 Ra8 35. Rf7 Ne4 36. Bf3 Nd2 37. Bg4 Ne4 38. Re7 Ng3 39. Nf6 Rxa7 40. Bd7
1-0

[Event "Baltic Sea Cup"]
[Site "Ronne"]
[Date "2007.08.03"]
[Round "7.36"]
[White "Hansen, Lars Henrik Bech"]
[Black "Wilsbeck, Jan Borge"]
[Result "1-0"]
[WhiteElo "2070"]
[BlackElo "1925"]
[PlyCount "71"]
[EventDate "2007.??.??"]
[EventType "swiss"]
[EventRounds "9"]
[EventCountry "DEN"]
[SourceDate "2005.12.01"]
[WhiteTeam "Denmark"]
[BlackTeam "Denmark"]
[WhiteTeamCountry "DEN"]
[BlackTeamCountry "DEN"]

1. e4 c5 2. Nf3 e6 3. d4 cxd4 4. Nxd4 a6 5. Bd3 Qc7 6. Be3 Nf6 7. O-O Nc6 8.
Nxc6 bxc6 9. c4 d5 10. cxd5 exd5 11. exd5 Ng4 12. g3 Nxe3 13. fxe3 Bc5 14. Qf3
O-O 15. dxc6 Qe5 16. Nc3 Qxe3+ 17. Qxe3 Bxe3+ 18. Kg2 Be6 19. Bf5 Bd4 20. Bxe6
Bxc3 21. Rxf7 Rxf7 22. bxc3 Raf8 23. Bxf7+ Kxf7 24. Rd1 Rc8 25. Rd7+ Ke6 26.
Rxg7 Rxc6 27. Rxh7 Kd5 28. Rf7 Rxc3 29. h4 Ke6 30. Rf2 a5 31. h5 a4 32. Kh3 a3
33. Kh4 Rc4+ 34. g4 Rb4 35. Rf3 Ra4 36. h6 1-0

[Event "Baltic Sea Cup"]
[Site "Ronne"]
[Date "2007.08.03"]
[Round "7.37"]
[White "Hafner, Christian"]
[Black "Jensen, Jan Kargaard"]
[Result "1/2-1/2"]
[WhiteElo "2159"]
[BlackElo "1894"]
[PlyCount "81"]
[EventDate "2007.??.??"]
[EventType "swiss"]
[EventRounds "9"]
[EventCountry "DEN"]
[SourceDate "2005.12.01"]
[WhiteTeam "Denmark"]
[BlackTeam "Denmark"]
[WhiteTeamCountry "DEN"]
[BlackTeamCountry "DEN"]

1. e4 c5 2. Nf3 d6 3. d4 cxd4 4. Nxd4 Nf6 5. Nc3 a6 6. f3 e5 7. Nb3 Be6 8. Be3
Nbd7 9. Qd2 Qc7 10. O-O-O Be7 11. g4 h6 12. h4 O-O-O 13. Kb1 Kb8 14. Qf2 Nc5
15. Be2 b5 16. Nxc5 dxc5 17. g5 hxg5 18. hxg5 Rxd1+ 19. Rxd1 Nd7 20. f4 Nb6 21.
b3 Kb7 22. Nd5 Bxd5 23. exd5 Bd6 24. fxe5 Bxe5 25. Bf3 Bd6 26. Bg2 Re8 27. Bf4
Re7 28. Re1 Rxe1+ 29. Qxe1 Ka7 30. Bxd6 Qxd6 31. Qe8 Qd7 32. Qf8 Nxd5 33. Qxg7
Nb6 34. Qe5 Qd1+ 35. Kb2 Qd4+ 36. Qxd4 cxd4 37. Bc6 Nc8 38. Kc1 Kb6 39. Bf3 b4
40. Kd2 Kc5 41. Kd3 1/2-1/2

[Event "Baltic Sea Cup"]
[Site "Ronne"]
[Date "2007.08.03"]
[Round "7.38"]
[White "Berg, Peter"]
[Black "Hirneise, Jens"]
[Result "1/2-1/2"]
[WhiteElo "1966"]
[BlackElo "2090"]
[PlyCount "80"]
[EventDate "2007.??.??"]
[EventType "swiss"]
[EventRounds "9"]
[EventCountry "DEN"]
[SourceDate "2005.12.01"]
[WhiteTeam "Denmark"]
[BlackTeam "Denmark"]
[WhiteTeamCountry "DEN"]
[BlackTeamCountry "DEN"]

1. d4 Nf6 2. c4 g6 3. Nc3 Bg7 4. e4 d6 5. Nge2 O-O 6. Ng3 e5 7. d5 a5 8. Be2
Na6 9. h4 c6 10. h5 Bd7 11. hxg6 fxg6 12. Be3 Nc5 13. Qd2 cxd5 14. cxd5 Rc8 15.
f3 Qe8 16. O-O b5 17. Rfc1 h5 18. Bg5 Nh7 19. Be3 Qe7 20. Bxb5 h4 21. Nh1 Bf6
22. Bxd7 Nxd7 23. Nf2 Bg5 24. Nb5 Bxe3 25. Qxe3 Rb8 26. a4 Nc5 27. b3 Ng5 28.
Rc3 h3 29. Nxh3 Nxh3+ 30. gxh3 Rf4 31. Nxd6 Qxd6 32. Qxc5 Qxc5+ 33. Rxc5 Rxf3
34. Rb1 Rxh3 35. Rxa5 Rc8 36. Ra6 Rg3+ 37. Kf2 Rcc3 38. Rc6 Rgf3+ 39. Ke2 Rfe3+
40. Kd2 Red3+ 1/2-1/2

[Event "Baltic Sea Cup"]
[Site "Ronne"]
[Date "2007.08.03"]
[Round "7.39"]
[White "Adolfssen, Rico"]
[Black "Ertbjerg, Andreas Lund"]
[Result "0-1"]
[WhiteElo "1752"]
[BlackElo "2069"]
[PlyCount "76"]
[EventDate "2007.??.??"]
[EventType "swiss"]
[EventRounds "9"]
[EventCountry "DEN"]
[SourceDate "2005.12.01"]
[WhiteTeam "Denmark"]
[BlackTeam "Denmark"]
[WhiteTeamCountry "DEN"]
[BlackTeamCountry "DEN"]

1. f4 e5 2. e4 exf4 3. Nf3 g5 4. h4 g4 5. Ne5 Nf6 6. Bc4 d5 7. exd5 Bd6 8. d4
Nh5 9. Bb5+ Kf8 10. Nc3 Qe7 11. O-O Bxe5 12. dxe5 Qxh4 13. Bxf4 g3 14. Bh6+ Kg8
15. Rxf7 Qh2+ 16. Kf1 Qh1+ 17. Ke2 Qxd1+ 18. Rxd1 Kxf7 19. e6+ Ke7 20. Ne4 Rg8
21. Rf1 Bxe6 22. dxe6 Nc6 23. Rf7+ Kxe6 24. Bc4+ Ke5 25. Ke3 Rge8 26. Nxg3 Na5
27. Bb5 Nxg3 28. Bf4+ Ke6 29. Rxh7 Nf5+ 30. Kf2 Re7 31. Rh3 Rf8 32. g4 Nd6 33.
Rh6+ Rf6 34. Bd3 Rxh6 35. Bxh6 Kf7 36. g5 Kg8 37. g6 Nac4 38. Bg5 Ne4+ 0-1

[Event "Baltic Sea Cup"]
[Site "Ronne"]
[Date "2007.08.03"]
[Round "7.40"]
[White "Tallaksen, Levi Andre"]
[Black "Palvig, David Kinch"]
[Result "1-0"]
[WhiteElo "2037"]
[BlackElo "1750"]
[PlyCount "75"]
[EventDate "2007.??.??"]
[EventType "swiss"]
[EventRounds "9"]
[EventCountry "DEN"]
[SourceDate "2005.12.01"]
[WhiteTeam "Denmark"]
[BlackTeam "Denmark"]
[WhiteTeamCountry "DEN"]
[BlackTeamCountry "DEN"]

1. d4 d5 2. c4 e6 3. Nf3 Nf6 4. e3 c6 5. Nc3 Nbd7 6. Bd3 Bd6 7. O-O O-O 8. Qc2
dxc4 9. Bxc4 e5 10. Rd1 Qc7 11. h3 Re8 12. dxe5 Nxe5 13. Nxe5 Rxe5 14. e4 Be6
15. Be2 Ra5 16. Bd2 Bf4 17. Bf3 Rg5 18. Kh1 Rg6 19. Qd3 h5 20. Ne2 Bxd2 21.
Qxd2 Rh6 22. Nd4 Bg4 23. Re1 Rd8 24. Qe3 Qd7 25. Rad1 Bxf3 26. Qxf3 Qc7 27. Nf5
Rh7 28. Qg3 Qb6 29. Rxd8+ Qxd8 30. Qg5 Qc7 31. e5 Nd5 32. e6 fxe6 33. Rxe6 Qd7
34. Rd6 Qc7 35. Rd8+ Kf7 36. Nd6+ Ke6 37. Qf5+ Ke7 38. Qf7+ 1-0